000 00338nam a22001577a 4500
005 20160621153845.0
008 160621b xxu||||| |||| 00| 0 eng d
041 _aeng
082 _b8789
100 _aJha,S.M
_92418
245 _aServices Marketing
260 _bHPH
_c1997
300 _a412
650 _aManagement
_9241
942 _cBK
999 _c3421
_d3420